Program Bolsa Família ako nástroj sociálnej politiky Brazílie diplomová práca

Na minha lista:
Detalhes bibliográficos
Autor principal: Janubová, Barbora, 1991-
Autor Corporativo: Fakulta medzinárodných vzťahov EU. Katedra medzinárodných ekonomických vzťahov a hospodárskej diplomacie
Outros Autores: Grešš, Martin, 1978-
Formato: Livro
Idioma:eslovaco
Publicado em: Bratislava 2015
Tags: Adicionar Tag
Sem tags, seja o primeiro a adicionar uma tag!

MARC

LEADER 00000nbm a2200000 4500
001 0206411
005 20161212095941.2
041 0 |a slo 
044 |a SK 
245 1 0 |a Program Bolsa Família ako nástroj sociálnej politiky Brazílie  |b diplomová práca  |c Barbora Janubová ; školiteľ: Martin Grešš 
264 1 |a Bratislava  |c 2015 
300 |a 74 s. 
100 1 |a Janubová, Barbora, 1991- 
700 1 |a Grešš, Martin, 1978- 
710 2 |a Fakulta medzinárodných vzťahov EU. Katedra medzinárodných ekonomických vzťahov a hospodárskej diplomacie